Breaking Down Lyrics (Florence + the Machine) - Statistics

General Stats
  • This quiz has been taken 87 times
  • The average score is 156 of 186
Answer Stats
Lyrics % Correct
a
100%
I
100%
breaking
97%
down
97%
it
97%
you
97%
I'm
94%
again
91%
can
91%
in
91%
me
91%
my
89%
see
89%
think
89%
was
89%
and
86%
even
86%
of
86%
the
86%
coming
83%
on
83%
to
83%
when
83%
all
80%
always
80%
edge
80%
from
80%
alone
77%
child
77%
now?
77%
now
77%
own
77%
room
77%
streetlight
77%
there
77%
next
74%
know
71%
be
69%
that
69%
creeping
63%
familiar
63%
I've
63%
something
63%
standing
63%
eyes
60%
gloom
60%
hand
60%
old
60%
sleep
60%
comes
57%
friend
57%
holding
57%
shut
57%
with
57%
lies
51%
still
51%
tight
51%
frightened
49%
pale
46%
smiling
43%
No matching quizzes found
Score Distribution
Percent of People with Each Score
Percentile by Number Answered
Your Score History
You have not taken this quiz